000 00661nam0a22002411 4500
001 rc\3731116
005 20250610065354.0
021 _aRU
_b[73-23487]
035 _a(NLR Aleph) 007779507
090 _a7553982
_c7553982
100 _a20130115d1973 |||y0rusy50 ca
101 0 _arus
102 _aRU
105 _ac z |||a|
200 1 _aПять утра
_eСтихи
210 _aПермь
_cКн. изд-во
_d1973
215 _a63 с.
_cпортр.
_d13
700 1 _aСмородинов
_bМ.Р.
_f1943-
_gМихаил Романович
801 0 _aRU
_bNLR
_gpsbo
801 1 _aRU
_bELAR
_2rusmarc
852 _aNLR
_j73-1/79
942 _cBOOK
980 _aNB